Statistiken für ille illa illud

Klicken Sie hier um das Quiz zu spielen!

Allgemein

  • Dieses Quiz wurde 49 mal gespielt
  • Das Durchschnittsergebnis liegt bei 18 aus 22

Antwortstatistiken

HintAntwort% Korrekt
1. Fallille
100%
illud
100%
illa
100%
illud
86%
illa
86%
illae
86%
1. Fallilli
86%
illam
86%
4. Fallillum
86%
illa
81%
2. Fallillorum
81%
illarum
81%
illorum
81%
illas
81%
illa
81%
3. Fallilli
76%
4. Fallillos
76%
6. Fallillo
71%
illo
71%
2. Fallillius
71%
3. Fallillis
71%
6. Fallillis
67%

Verteilung der Resultate

Perzentil nach korrekt beantworteten Fragen

Anzahl Personen mit jedem Resultat

Ihre Resultats-Entwicklung

Sie haben dieses Quiz noch nicht gespielt